| 000 | 00758cam a2200241 a 4500 | ||
|---|---|---|---|
| 999 |
_c6755 _d6755 |
||
| 003 | OSt | ||
| 005 | 20260515062531.0 | ||
| 008 | 140620s2014 sp a||||||||| |01 0 spa|d | ||
| 020 | _a9788441535763 | ||
| 040 |
_bcat _cCDMR |
||
| 100 | 1 |
_aSchmarzo, Bill _94576 |
|
| 245 | 1 | 0 |
_aBig data _b: el poder de los datos _cBill Schmarzo |
| 260 |
_aMadrid _bAnaya Multimedia _c2014 |
||
| 300 |
_a253 p. _bil. _c22 cm |
||
| 500 | _aTít. orig.: Big data : understanding how data powers big business | ||
| 504 | _aÍndex | ||
| 650 | 7 |
_aMineria de dades _2lemac |
|
| 650 | 7 |
_aGestió del coneixement _2lemac |
|
| 650 | 4 |
_aEmpreses _xPlanificació _xProcessament de dades |
|
| 650 | 0 | 4 | _aIntel·ligència empresarial |
| 650 | 0 | 0 |
_aDades massives _94719 |
| 942 |
_2udc _cMON |
||